10 Największych Miast Województwa Wielkopolskiego - Statystyki

Ogólne statystyki
  • Ten quiz został rozwiązany 2 912 razy
  • Średni wynik to 7 z 10
Statystyki odpowiedzi
Lp. Liczba Ludności Miasto % Poprawnych
1. 539,549 Poznań
100%
2. 101,902 Kalisz
86%
3. 75,077 Konin
82%
4. 73,928 Piła
81%
6. 69,123 Gniezno
75%
7. 64,090 Leszno
73%
5. 72,411 Ostrów Wielkopolski
66%
10. 30,104 Września
47%
9. 30,834 Swarzędz
35%
8. 31,467 Luboń
31%
Nie znaleziono quizów pasujących do podanych kryteriów
Rozkład punktacji
Procent ludzi z każdym wynikiem
Percentyl według liczby udzielonych odpowiedzi
Twoja historia wyników
Nie rozwiązałeś tego quizu